00409nam a2200157Ia 4500008004100000020001400041040001900055041001200074082002800086100001700114245002400131260003300155300002100188650002100209850002100230131103s9999 xx 000 0 und d a718138740 aLoreto College aEnglish a823.91/HIGbLCBED/11570 aHiggins,Jack aShebacJack Higgins aLondonbMichael Josephc1994 a275 p. c 24 cm. aEnglish Fiction  aLCBED/823.91/HIG